RIBA Enterprises and Kennedy LLP legal counsels' breakfast meeting on BIM legal issues (Record no. 114456)

MARC details
000 -LEADER
fixed length control field 00894cad a22002055a 4500
001 - CONTROL NUMBER
control field L156862
008 - FIXED-LENGTH DATA ELEMENTS--GENERAL INFORMATION
fixed length control field 120723s2012 xxk f 000 0 eng d
035 ## - SYSTEM CONTROL NUMBER
System control number (Sirsi) u156862
041 0# - LANGUAGE CODE
Language code of text/sound track or separate title eng
100 1# - MAIN ENTRY--PERSONAL NAME
Personal name Udom, Koko
110 2# - MAIN ENTRY--CORPORATE NAME
Corporate name or jurisdiction name as entry element National Buildings Specification
9 (RLIN) 5911
245 00 - TITLE STATEMENT
Title RIBA Enterprises and Kennedy LLP legal counsels' breakfast meeting on BIM legal issues
Medium [electronic resource]
260 ## - PUBLICATION, DISTRIBUTION, ETC.
Place of publication, distribution, etc. [S.l.]
Name of publisher, distributor, etc. NBS $2 012
520 ## - SUMMARY, ETC.
Summary, etc. Observations from a recent meeting of RIBA Enterprises and leading lawyers who discussed the various risks issues that need to be addressed for the smooth adoption of BIM at stage 2 of the UK BIM maturity index.
590 ## - LOCAL NOTE (RLIN)
Local note KA NTK
651 #4 - SUBJECT ADDED ENTRY--GEOGRAPHIC NAME
Geographic name United Kingdom
Chronological subdivision
690 ## - LOCAL SUBJECT ADDED ENTRY--TOPICAL TERM (OCLC, RLIN)
Topical term or geographic name as entry element BIM
9 (RLIN) 6219
856 40 - ELECTRONIC LOCATION AND ACCESS
Uniform Resource Identifier <a href="https://www.thenbs.com/topics/BIM/articles/legalCounselsBreakfastMeeting.asp">https://www.thenbs.com/topics/BIM/articles/legalCounselsBreakfastMeeting.asp</a>
Public note View the item free of charge at www.thenbs.com
942 ## - ADDED ENTRY ELEMENTS (KOHA)
Suppress in OPAC 0
Holdings
Withdrawn status Lost status Source of classification or shelving scheme Damaged status Not for loan Home library Current library Shelving location Date acquired Total Checkouts Full call number Barcode Date last seen Copy number Price effective from Koha item type
    Dewey Decimal Classification     Virtual Virtual Online 23/07/2012   ONLINE PUBLICATION 156862-2001 06/08/2019 1 06/08/2019 Book